000 01049nam a22003257a 4500
001 BR9603413
003 BR-BrBNA
005 20230928095238.0
007 ta
008 230509b bl.||||| |||| 00| 0 por d
040 _aBR-BrBNA
_bpor
_cBiblioteca Nacional de Agricultura
041 _a(Por)
072 _aP35; F04
_b0230
090 _ 0230 BR9603413
100 1 _aSilva, F.C. da
110 1 _aEscola Superior de Agricultura Luiz de Queiroz, Piracicaba, SP (Brasil)
_0Tese (Doutor em Agronomia)
245 1 _aUso agronomico de lodo de esgoto: efeitos em fertilidade do solo e qualidade da cana-de-acucar
260 3 _aPiracicaba, SP (Brasil):
_c1995.
300 _a170 p.
500 _aSummaries (Eng, Por); Bibliography p. 120-154; 15 illus.; 13 tables
650 _aCana de Acucar
650 _aLodo Residual
650 _aMetal Pesado
650 _aAdubacao
650 _aFertilidade do Solo
650 _aResposta da Planta
650 _aLatossolo Vermelho Amarelo
909 _a202309
_bLucia
_c55
_dLucia Elande
942 _cBK
999 _c55406
_d55406